[Event "SVK-chT1W 1920"]
[Site "Slovakia"]
[Date "2020.02.23"]
[Round "9.5"]
[White "Ruck, Tamas"]
[Black "Karas, Marek"]
[Result "1/2-1/2"]
[WhiteElo "2337"]
[BlackElo "2225"]
[PlyCount "130"]
[EventDate "2019.10.12"]
[EventType "team-tourn"]
[EventRounds "11"]
[EventCountry "SVK"]
[SourceTitle "CBM 195 Extra"]
[Source "ChessBase"]
[SourceDate "2020.05.31"]
[SourceVersion "1"]
[SourceVersionDate "2020.05.31"]
[SourceQuality "1"]
[WhiteTeam "Gabcikovo MSK"]
[BlackTeam "Osuske"]
[WhiteTeamCountry "SVK"]
[BlackTeamCountry "SVK"]

1. e4 e6 2. d4 d5 3. Nd2 a6 4. Ngf3 c5 5. dxc5 Bxc5 6. Nb3 Bb6 7. e5 Nc6 8. Bd3 Nge7 9. 0-0 Qc7 10. Qe2 Nb4 11. Bd2 Nxd3 12. cxd3 Nc6 13. Rac1 Qe7 14. Be3 Bxe3 15. Qxe3 Qb4 16. Rc2 0-0 17. Nfd4 Bd7 18. Nxc6 Bxc6 19. Qc5 a5 20. Nd4 Rfc8 21. Rfc1 Qxc5 22. Rxc5 Bd7 23. f4 Kf8 24. Kf2 Ke7 25. Ke3 b6 26. Rxc8 Rxc8 27. Rxc8 Bxc8 28. g4 f6 29. h4 Bd7 30. Nf3 Ba4 31. b3 Be8 32. Nd4 fxe5 33. fxe5 h6 34. Ne2 Bf7 35. Nf4 Be8 36. Kd4 Kd7 37. Kc3 Ke7 38. b4 axb4+ 39. Kxb4 Bd7 40. d4 Be8 41. a4 Bd7 42. a5 bxa5+ 43. Kxa5 Be8 44. Kb4 Bf7 45. Kc5 Be8 46. Kb6 g5 47. hxg5 hxg5 48. Nh3 Ba4 49. Nxg5 Bd1 50. Kc7 Bxg4 51. Nh7 Bh5 52. Nf6 Bf3 53. Nd7 Bg4 54. Nb8 Kf7 55. Kd6 Kg6 56. Nd7 Kf5 57. Nc5 Kf4 58. Nxe6+ Ke4 59. Ke7 Ke3 60. Kf6 Ke4 61. Ng7 Kxd4 62. Nf5+ Ke4 63. Nd6+ Ke3 64. Nf5+ Ke4 65. Nd6+ Ke3 1/2-1/2

[Event "HUN-chT 1920"]
[Site "Hungary"]
[Date "2019.12.01"]
[Round "3.11"]
[White "Gara, Ticia"]
[Black "Ruck, Tamas"]
[Result "1-0"]
[WhiteElo "2322"]
[BlackElo "2337"]
[PlyCount "73"]
[EventDate "2019.11.16"]
[EventType "team-tourn"]
[EventRounds "9"]
[EventCountry "HUN"]
[SourceTitle "CBM 193 Extra"]
[Source "ChessBase"]
[SourceDate "2020.01.31"]
[SourceVersion "1"]
[SourceVersionDate "2020.01.31"]
[SourceQuality "1"]
[WhiteTeam "Aquaprofit"]
[BlackTeam "HVSE Infraplan"]
[WhiteTeamCountry "HUN"]
[BlackTeamCountry "HUN"]

1. Nf3 Nc6 2. e4 e5 3. Nc3 Nf6 4. Bb5 Bb4 5. 0-0 0-0 6. d3 d6 7. Bg5 Bxc3 8. bxc3 Qe7 9. Re1 Nd8 10. d4 Ne6 11. Bc1 c5 12. a4 Rd8 13. Rb1 h6 14. Nh4 d5 15. Nf5 Qc7 16. exd5 Rxd5 17. Bc4 Rd8 18. d5 e4 19. d6 Qb8 20. Ne7+ Kf8 21. Nc6 Qxd6 22. Nxd8 Qxd8 23. Qxd8+ Nxd8 24. Bf4 Ke7 25. f3 Nc6 26. fxe4 b6 27. Rbd1 Bg4 28. Bd6+ Ke8 29. Bb5 Rc8 30. Rd2 Be6 31. a5 bxa5 32. Bxc5 Nd7 33. Bd6 Nb6 34. Be5 Nc4 35. Bxc4 Bxc4 36. Bxg7 Ke7 37. e5 1-0

[Event "SVK-chT1W 1920"]
[Site "Slovakia"]
[Date "2019.11.10"]
[Round "4.5"]
[White "Macka, Oto"]
[Black "Ruck, Tamas"]
[Result "0-1"]
[WhiteElo "2096"]
[BlackElo "2337"]
[PlyCount "66"]
[EventDate "2019.10.12"]
[EventType "team-tourn"]
[EventRounds "11"]
[EventCountry "SVK"]
[SourceTitle "CBM 193 Extra"]
[Source "ChessBase"]
[SourceDate "2020.01.31"]
[SourceVersion "1"]
[SourceVersionDate "2020.01.31"]
[SourceQuality "1"]
[WhiteTeam "Bratislava Doprastav"]
[BlackTeam "Gabcikovo MSK"]
[WhiteTeamCountry "SVK"]
[BlackTeamCountry "SVK"]

1. e4 c5 2. Nf3 e6 3. b3 d6 4. c4 Nf6 5. Nc3 Nc6 6. Bd3 g6 7. Bb2 Bg7 8. 0-0 0-0 9. Rc1 Ng4 10. Na4 e5 11. h3 Nh6 12. Ne1 Qh4 13. Nf3 Qd8 14. Ne1 f5 15. f4 b6 16. fxe5 dxe5 17. Nc3 Qd6 18. Nd5 Be6 19. Nf3 Rae8 20. Ng5 Bc8 21. Bb1 Qd8 22. Nf3 f4 23. Bd3 g5 24. Nh2 g4 25. hxg4 Re6 26. Be2 Rg6 27. Bf3 Bf6 28. Nxf6+ Rfxf6 29. Bc3 Rf7 30. d3 Rfg7 31. Rc2 Nd4 32. Rcf2 Nxg4 33. Nxg4 Bxg4 0-1

[Event "SVK-chT1W 1819"]
[Site "Slovakia"]
[Date "2019.03.17"]
[Round "11.4"]
[White "Balogh, Tomas"]
[Black "Ruck, Tamas"]
[Result "1/2-1/2"]
[WhiteElo "2324"]
[BlackElo "2323"]
[PlyCount "31"]
[EventDate "2018.10.27"]
[EventType "team-tourn"]
[EventRounds "11"]
[EventCountry "SVK"]
[SourceTitle "CBM 189 Extra"]
[Source "ChessBase"]
[SourceDate "2019.06.03"]
[SourceVersion "1"]
[SourceVersionDate "2019.06.03"]
[SourceQuality "1"]
[WhiteTeam "Bratislava Lokomotiva"]
[BlackTeam "Gabcikovo MSK"]
[WhiteTeamCountry "SVK"]
[BlackTeamCountry "SVK"]

1. d4 d5 2. Nf3 Nf6 3. e3 e6 4. c4 dxc4 5. Bxc4 c5 6. 0-0 a6 7. dxc5 Qxd1 8. Rxd1 Bxc5 9. a3 b5 10. Be2 Bb7 11. b4 Be7 12. Bb2 Nbd7 13. Nbd2 0-0 14. Rac1 Rfc8 15. Nb3 Bd5 16. Nfd2 1/2-1/2

[Event "HUN-chT2 Charousek 1819"]
[Site "Hungary"]
[Date "2019.03.10"]
[Round "9.4"]
[White "Petran, Pal"]
[Black "Ruck, Tamas"]
[Result "1-0"]
[WhiteElo "2306"]
[BlackElo "2315"]
[PlyCount "53"]
[EventDate "2018.09.23"]
[EventType "team-tourn"]
[EventRounds "11"]
[EventCountry "HUN"]
[SourceTitle "EXT 2021"]
[Source "ChessBase"]
[SourceDate "2020.10.23"]
[SourceVersion "1"]
[SourceVersionDate "2020.10.23"]
[SourceQuality "1"]
[WhiteTeam "Budapest HASE"]
[BlackTeam "Haladas Szombathely II"]
[WhiteTeamCountry "HUN"]
[BlackTeamCountry "HUN"]

1. Nf3 c5 2. b3 b6 3. Bb2 Bb7 4. g3 d6 5. Bg2 e5 6. 0-0 Nc6 7. c4 g6 8. e3 Bg7 9. d4 e4 10. Ne1 f5 11. f3 exf3 12. Nxf3 Nh6 13. Nc3 0-0 14. Qd2 Re8 15. Rae1 Ng4 16. Nd5 Nf6 17. Ng5 Ng4 18. Nh3 Qd7 19. Nhf4 cxd4 20. exd4 Rxe1 21. Rxe1 Re8 22. h3 Nf6 23. Nxf6+ Bxf6 24. Bd5+ Kg7 25. Ne6+ Kh8 26. Bxc6 Bxc6 27. d5 1-0

[Event "HUN-chT 1819"]
[Site "Hungary"]
[Date "2018.11.17"]
[Round "1.2"]
[White "Ruck, Tamas"]
[Black "Kevei, Peter"]
[Result "1-0"]
[WhiteElo "2302"]
[BlackElo "2141"]
[PlyCount "71"]
[EventDate "2018.11.17"]
[EventType "team-tourn"]
[EventRounds "9"]
[EventCountry "HUN"]
[SourceTitle "CBM 187 Extra"]
[Source "ChessBase"]
[SourceDate "2018.11.04"]
[SourceVersion "1"]
[SourceVersionDate "2018.11.04"]
[SourceQuality "1"]
[WhiteTeam "HVSE Infraplan"]
[BlackTeam "Maroczy"]
[WhiteTeamCountry "HUN"]
[BlackTeamCountry "HUN"]

1. e4 c5 2. Nf3 Nc6 3. d4 cxd4 4. Nxd4 Nf6 5. Nc3 e5 6. Ndb5 d6 7. Bg5 a6 8. Na3 b5 9. Nd5 Be7 10. Bxf6 Bxf6 11. c3 Ne7 12. Nxf6+ gxf6 13. Bd3 Bb7 14. Nc2 f5 15. exf5 e4 16. Be2 Nxf5 17. Bg4 Nh6 18. Ne3 0-0 19. Qd4 f5 20. Bh3 Qf6 21. 0-0-0 Rad8 22. Rhf1 Qxd4 23. Rxd4 Rf6 24. Kd2 Bc8 25. Nd5 Rf7 26. Nf4 Rf6 27. a4 Be6 28. axb5 axb5 29. Ra1 Bc4 30. Ra7 d5 31. Ra3 Ng4 32. b3 Bd3 33. Nxd3 exd3 34. Bxg4 fxg4 35. Rxg4+ Kf8 36. f3 1-0

[Event "HUN-chT 1617"]
[Site "Hungary"]
[Date "2016.12.11"]
[Round "4.11"]
[White "Ruck, Tamas"]
[Black "Gara, Anita"]
[Result "0-1"]
[WhiteElo "2316"]
[BlackElo "2349"]
[PlyCount "50"]
[EventDate "2016.10.30"]
[EventType "team-tourn"]
[EventRounds "9"]
[EventCountry "HUN"]
[SourceTitle "EXT 2018"]
[Source "ChessBase"]
[SourceDate "2017.10.13"]
[SourceVersion "1"]
[SourceVersionDate "2017.10.13"]
[SourceQuality "1"]
[WhiteTeam "HVSE Infraplan"]
[BlackTeam "Penzugyor"]
[WhiteTeamCountry "HUN"]
[BlackTeamCountry "HUN"]

1. e4 c5 2. Nf3 e6 3. d4 cxd4 4. Nxd4 Nc6 5. Nc3 a6 6. Be3 Nf6 7. Qd2 Bb4 8. f3 Qa5 9. Nb3 Qc7 10. a3 Be7 11. g4 Ne5 12. Qf2 Nfxg4 13. fxg4 Bh4 14. 0-0-0 Bxf2 15. Bxf2 d6 16. Be2 0-0 17. Rd4 b5 18. Rhd1 Rd8 19. Bg3 Bb7 20. g5 Rac8 21. Nd2 Nc6 22. Rd3 b4 23. axb4 Nxb4 24. Rf3 Qa5 25. Nb3 Na2+ 0-1

[Event "HUN-chT2 Charousek 1516"]
[Site "Hungary"]
[Date "2015.11.29"]
[Round "3.1"]
[White "Ruck, Tamas"]
[Black "Almasi, Istvan"]
[Result "1/2-1/2"]
[WhiteElo "2365"]
[BlackElo "2409"]
[PlyCount "95"]
[EventDate "2015.10.18"]
[EventType "team-tourn"]
[EventRounds "9"]
[EventCountry "HUN"]
[SourceTitle "CBM 170 Extra"]
[Source "ChessBase"]
[SourceDate "2016.02.25"]
[SourceVersion "1"]
[SourceVersionDate "2016.02.25"]
[SourceQuality "1"]
[WhiteTeam "Haladas II"]
[BlackTeam "Tapolca Rockwool"]
[WhiteTeamCountry "HUN"]
[BlackTeamCountry "HUN"]

1. e4 c5 2. Nf3 Nc6 3. d4 cxd4 4. Nxd4 Nf6 5. Nc3 d6 6. Bg5 Bd7 7. Qd2 Nxd4 8. Qxd4 Qa5 9. Bd2 Rc8 10. Nb5 Qb6 11. Qxb6 axb6 12. Nc3 Bc6 13. f3 g6 14. 0-0-0 Bg7 15. Be3 Nd7 16. Nd5 Bxd5 17. Rxd5 0-0 18. Bb5 Nc5 19. Rhd1 Ra8 20. Kb1 Ra5 21. c4 Rfa8 22. a3 Na4 23. Bc1 Rc8 24. Bxa4 Rxa4 25. b3 Ra6 26. a4 Bc3 27. Kc2 Bb4 28. e5 Ra5 29. exd6 exd6 30. Rxa5 bxa5 31. Bd2 Bxd2 32. Rxd2 Rc6 33. Rd5 b6 34. Kd3 Kf8 35. Kd4 Ke7 36. Rb5 Kd7 37. g4 Kc7 38. Rd5 Kd7 39. h4 Rc8 40. Kd3 Re8 41. Kd2 f6 42. Rd4 Kc6 43. Rf4 Re6 44. Rd4 Re5 45. Rf4 Re6 46. Rd4 Re5 47. Rf4 Re6 48. Rd4 1/2-1/2

[Event "AUT-chT2M 1415"]
[Site "Austria"]
[Date "2015.04.19"]
[Round "11.3"]
[White "Pierecker, Markus"]
[Black "Ruck, Tamas"]
[Result "1/2-1/2"]
[WhiteElo "2160"]
[BlackElo "2335"]
[PlyCount "99"]
[EventDate "2014.10.03"]
[EventType "team-tourn"]
[EventRounds "11"]
[EventCountry "AUT"]
[SourceTitle "EXT 2016"]
[Source "ChessBase"]
[SourceDate "2015.10.08"]
[SourceVersion "1"]
[SourceVersionDate "2015.10.08"]
[SourceQuality "1"]
[WhiteTeam "Steyregg"]
[BlackTeam "Graz Styria"]
[WhiteTeamCountry "AUT"]
[BlackTeamCountry "AUT"]

1. e4 e5 2. Nf3 Nc6 3. d4 exd4 4. Nxd4 Bc5 5. Nb3 Bb6 6. Nc3 Nf6 7. Qe2 d6 8. Be3 Be6 9. 0-0-0 Qe7 10. Kb1 0-0-0 11. Bxb6 axb6 12. Nd4 Bd7 13. f3 Qe5 14. Qc4 Nxd4 15. Qxd4 Qxd4 16. Rxd4 Be6 17. Be2 c6 18. Rhd1 Kc7 19. Kc1 b5 20. f4 g6 21. a3 Bg4 22. Bxg4 Nxg4 23. h3 Nf6 24. g4 Rhe8 25. g5 Nh5 26. Rf1 Re7 27. Kd2 Rde8 28. Rd3 f6 29. h4 Rf8 30. Rdf3 f5 31. Kd3 fxe4+ 32. Nxe4 Rf5 33. Nc3 d5 34. Ne2 c5 35. Ng3 Nxg3 36. Rxg3 d4 37. h5 Kd6 38. hxg6 hxg6 39. Rh3 Kd5 40. Rh8 c4+ 41. Kd2 Rff7 42. Rd8+ Rd7 43. Rxd7+ Rxd7 44. f5 gxf5 45. Rxf5+ Ke4 46. Rxb5 Rh7 47. g6 Rh2+ 48. Kd1 Rh1+ 49. Kd2 Rh2+ 50. Kd1 1/2-1/2

[Event "HUN-chT 1314"]
[Site "Hungary"]
[Date "2013.09.22"]
[Round "2"]
[White "Sipos, Istvan"]
[Black "Ruck, Tamas"]
[Result "1/2-1/2"]
[WhiteElo "2464"]
[BlackElo "2319"]
[PlyCount "58"]
[EventDate "2013.09.08"]
[EventType "team-tourn"]
[EventRounds "9"]
[EventCountry "HUN"]
[SourceTitle "EXT 2015"]
[Source "ChessBase"]
[SourceDate "2014.11.20"]
[SourceVersion "1"]
[SourceVersionDate "2014.11.20"]
[SourceQuality "1"]
[WhiteTeam "MLTC"]
[BlackTeam "HVSE Infraplan"]
[WhiteTeamCountry "HUN"]
[BlackTeamCountry "HUN"]

1. c4 e5 2. Nc3 Nf6 3. Nf3 Nc6 4. e4 Bb4 5. d3 d6 6. a3 Bxc3+ 7. bxc3 h6 8. g3 0-0 9. Bg2 b6 10. 0-0 Be6 11. Nh4 Nd7 12. Be3 Ne7 13. f4 f6 14. f5 Bf7 15. Qd2 Kh7 16. g4 c6 17. Rf3 d5 18. Rh3 Rh8 19. exd5 cxd5 20. Ng6 Bxg6 21. fxg6+ Kxg6 22. cxd5 Nc8 23. d6 Rb8 24. Be4+ Kf7 25. Qa2+ Kf8 26. Rf1 Nxd6 27. Bg6 Ke7 28. d4 Qc7 29. Rg3 Qc4 1/2-1/2

[Event "Balaton op 30th"]
[Site "Heviz"]
[Date "2012.09.24"]
[Round "2"]
[White "Horvath, Tamas4444"]
[Black "Ruck, Tamas"]
[Result "1/2-1/2"]
[WhiteElo "2182"]
[BlackElo "2296"]
[PlyCount "24"]
[EventDate "2012.09.23"]
[EventType "swiss"]
[EventRounds "9"]
[EventCountry "HUN"]
[SourceTitle "CBM 150 Extra"]
[Source "ChessBase"]
[SourceDate "2012.10.19"]
[SourceVersion "1"]
[SourceVersionDate "2012.10.19"]
[SourceQuality "1"]

1. Nf3 c5 2. c4 Nf6 3. g3 b6 4. Bg2 Bb7 5. 0-0 g6 6. Nc3 Bg7 7. d4 cxd4 8. Qxd4 d6 9. Rd1 Nbd7 10. b3 0-0 11. Bb2 a6 12. Qd2 Rb8 1/2-1/2

[Event "HUN-chT2 Charousek 1213"]
[Site "Hungary"]
[Date "2012.09.16"]
[Round "1"]
[White "Ruck, Tamas"]
[Black "Papagorasz, Takisz"]
[Result "1-0"]
[WhiteElo "2296"]
[BlackElo "2167"]
[PlyCount "45"]
[EventDate "2012.09.16"]
[EventType "team-tourn"]
[EventRounds "11"]
[EventCountry "HUN"]
[SourceTitle "EXT 2014"]
[Source "ChessBase"]
[SourceDate "2013.11.20"]
[SourceVersion "1"]
[SourceVersionDate "2013.11.20"]
[SourceQuality "1"]
[WhiteTeam "Haladas II"]
[BlackTeam "Fehervar"]
[WhiteTeamCountry "HUN"]
[BlackTeamCountry "HUN"]

1. e4 e5 2. Nf3 Nc6 3. Bb5 a6 4. Ba4 Nf6 5. 0-0 Be7 6. Bxc6 dxc6 7. d3 Bd6 8. Nbd2 c5 9. Nc4 Qe7 10. a4 h6 11. Bd2 Bg4 12. h3 Bxf3 13. Qxf3 0-0-0 14. Rab1 Nh7 15. b4 cxb4 16. Nxd6+ cxd6 17. Rxb4 Ng5 18. Qe3 Kb8 19. Qb6 d5 20. Rfb1 Rd7 21. exd5 Rxd5 22. Qxa6 Rd7 23. Be3 1-0